El diario considerado como institución (Record no. 182459)

MARC details
000 -LEADER
campo de control de longitud fija 00729nam a2200181 i 4500
001 - NÚMERO DE CONTROL
campo de control 182459
003 - IDENTIFICADOR DE NÚMERO DE CONTROL
campo de control ES-MaACL
005 - FECHA Y HORA DE LA ÚLTIMA TRANSACCIÓN
campo de control 20230906221620.0
008 - DATOS DE LONGITUD FIJA--INFORMACIÓN GENERAL
campo de control de longitud fija 130816s1988 cl |||| | spa d
100 1# - ENTRADA PRINCIPAL--NOMBRE DE PERSONA
Nombre de persona Zegers Ariztía, Cristián.
9 (RLIN) 153269
245 10 - MENCIÓN DEL TÍTULO
Título El diario considerado como institución
Resto del título : [discurso de incorporación del académico] /
Mención de responsabilidad, etc. Cristián Zegers Ariztía ; [contestación] Carlos Martínez Sotomayor.
260 ## - PUBLICACIÓN, DISTRIBUCIÓN, ETC.
Lugar de publicación, distribución, etc. Santiago de Chile :
Nombre del editor, distribuidor, etc. Editorial Universitaria,
Fecha de publicación, distribución, etc. [1988]
300 ## - DESCRIPCIÓN FÍSICA
Extensión 33 p. ;
Dimensiones 27 cm.
594 ## - Nota al título y mención de responsabilidad
Nota al título y mención de responsabilidad Precede al tít.: Instituto de Chile, Academia Chilena de Ciencias Sociales.
650 04 - PUNTO DE ACCESO ADICIONAL DE MATERIA--TÉRMINO DE MATERIA
Término de materia o nombre geográfico como elemento de entrada Prensa.
9 (RLIN) 16351
700 1# - ENTRADA AGREGADA--NOMBRE PERSONAL
Nombre de persona Martínez Sotomayor, Carlos.
9 (RLIN) 153270
852 ## - LOCALIZACIÓN
Ubicación ES-MaACL
Número de control de estantería 2325-F-21
Holdings
Estatus retirado Estado de pérdida Estado de daño No para préstamo Colección Biblioteca de origen Biblioteca actual Ubicación en estantería Fecha de adquisición Fuente de adquisición Total de préstamos Signatura topográfica completa Código de barras Visto por última vez Precio de reemplazo Tipo de ítem Koha
        Colección de folletos Biblioteca del Ateneo de Madrid Biblioteca del Ateneo de Madrid Depósito folletos 16/08/2013     2325-F-21 1191739 23/02/2023 23/02/2023 Folleto